Japanese Cities by clues - Statistics

General Stats
  • This quiz has been taken 50 times
  • The average score is 10 of 12
Answer Stats
Starts with Clue City % Correct
N Atomic Bomb Museum, Fat Man Nagasaki
100%
O Universal Studios Japan, Dotonbori, Umeda Sky Building Osaka
98%
T Edo, Skytree, Shibuya Tokyo
98%
H Little Boy, Genbaku Dome, Peace Memorial named after the City Hiroshima
95%
K Kinkakuji Golden Pavillion, Fushimi Inari-taisha, Former Capital Kyoto
95%
N Toyota, World Cosplay Summit, Osu Kannon Temple Nagoya
93%
S 1972 Winter Olympics, Annual Snow Festival Sapporo
93%
Y Minato Mirai, Chinatown, Landmark Tower Yokohama
90%
S 2011 Tsunami, Tanabata Festival, Aiba Castle Sendai
83%
K Meriken Park, Beer, Akashi Kaikyo Bridge Kobe
76%
N Ryukyu Kingdom, Shuri Castle Naha
68%
K Mt Sakurajima, Naples of the East Kagoshima
59%
No matching quizzes found
Score Distribution
Percent of People with Each Score
Percentile by Number Answered
Your Score History
You have not taken this quiz